| 000 | 00842nam a22002297a 4500 | ||
|---|---|---|---|
| 999 |
_c15457 _d15457 |
||
| 003 | AR-CdUCM | ||
| 008 | 190427b ||||| |||| 00| 0 spa d | ||
| 040 |
_aMUNICIPALIDAD PROVINCIAL DEL CUSCO _cBIBLIOTECA MUNICIPAL DEL CUSCO |
||
| 082 |
_a982.034 / _bSA21 / 1919 |
||
| 100 |
_aSan Martín _934535 |
||
| 245 |
_aSan Martín : _bsu correspondencia, 1823-1850 / |
||
| 260 |
_aMadrid : _bAmérica, _c1919. |
||
| 300 |
_a368 páginas ; _c21 cm. |
||
| 440 |
_aBiblioteca Ayacucho. _928434 |
||
| 500 | _aBajo la Dirección de don Rufino Blanco - Fombona. | ||
| 505 | _aContenido: San Martín, O´higgins -- Ídem, Miller -- Ídem y V. López -- Ídem, Lafuente -- Ídem, Rosas -- Ídem, á Brandsen ... | ||
| 650 |
_aHistoria _9136 |
||
| 650 |
_aSiglo XX _98 |
||
| 650 |
_aArgentina _9511 |
||
| 942 |
_2ddc _cLIBROS |
||
| 945 |
_aachl _d2019-04-27 |
||